000 00348nam a2200157Ia 4500
008 230711s9999||||xx |||||||||||||| ||und||
020 _a81-8400-000-6
041 _aENG
082 _a800
_bKA-H
100 _aKapur,Manju
245 0 _aHOME
260 _c2006
_aAuckland
_bRandom House India
300 _a339
650 _aLiterature
942 _cBK
999 _c5207
_d5207